000 01047nam a22003377a 4500
001 BR0600782
003 BR-BrBNA
005 20230928102058.0
007 ta
008 230509b bl.||||| |||| 00| 0 por d
040 _aBR-BrBNA
_bpor
_cBiblioteca Nacional de Agricultura
041 _a(Por)
072 _aL73
_b4110
090 _ 4110 BR0600782
100 1 _aAssis, R.A. de
110 1 _aUniversidade Federal de Minas Gerais, Belo Horizonte (Brasil). Escola de Veterinária
_0Tese (Doutor em Ciência Animal)
245 1 _aMionecroses: estudos epidemiológicos e moleculares
260 3 _aBelo Horizonte, MG (Brasil):
_c2005.
300 _a70 p.
500 _aSummaries (Eng, Por); Bibliography p. 68-70; 5 tables; 6 illus.
650 _aCARBÚNCULO SINTOMÁTICO
650 _aSEPTICEMIA GANGRENOSA
650 _aBACTÉRIA
650 _aEPIDEMIOLOGIA
650 _aRUMINANTE
650 _aDOENÇA ANIMAL
650 _aBACTERIEMIA
650 _aGENÉTICA MOLECULAR
909 _a202309
_bLucia
_c55
_dLucia Elande
942 _cBK
999 _c69044
_d69044